Cities With Largest Skylines - Top 100 - Statistics

General Stats
  • This quiz has been taken 1,844 times
  • The average score is 49 of 100
Answer Stats
Answer % Correct
2 New York
98%
44 London
93%
56 Los Angeles
92%
11 Tokyo
92%
65 Paris
91%
8 Shanghai
90%
7 Chicago
89%
21 Beijing
88%
6 Dubai
88%
1 Hong Kong
88%
4 Moscow
87%
29 Miami
84%
13 Toronto
84%
32 Sydney
83%
62 San Francisco
82%
25 Rio de Janeiro
81%
51 Mexico City
80%
71 Seattle
80%
45 Houston
79%
64 Dallas
78%
19 Mumbai
77%
77 Boston
76%
80 Madrid
76%
5 Seoul
76%
23 Jakarta
75%
31 Melbourne
75%
3 Singapore
75%
42 Vancouver
74%
10 Bangkok
73%
24 Osaka
73%
22 Istanbul
72%
20 Kuala Lumpur
70%
9 São Paulo
70%
28 Buenos Aires
69%
12 Guangzhou
69%
66 Philadelphia
67%
73 Montréal
66%
43 St. Petersburg
66%
87 Taipei
65%
34 Abu Dhabi
64%
86 Manila
63%
54 Santiago de Chile
63%
58 Atlanta
62%
91 Frankfurt
60%
76 Ho Chi-Minh City
57%
57 Doha
56%
53 Hanoi
56%
60 Las Vegas
54%
33 Wuhan
54%
63 Brisbane
52%
18 Panama City
51%
15 Shenzhen
49%
78 Tel Aviv
49%
36 Tianjin
47%
14 Busan
45%
17 Chongqing
45%
97 Ankara
44%
48 Chengdu
44%
98 Kuwait City
44%
59 Caracas
41%
38 Kiev
41%
26 Macau
41%
67 Calgary
39%
41 Nanjing
39%
39 Xiamen
36%
50 Hangzhou
30%
55 Harbin
30%
100 Belo Horizonte
28%
46 Honolulu
28%
83 Salvador
26%
37 Shenyang
26%
90 Yokohama
25%
69 Qingdao
24%
30 Recife
24%
35 Dalian
23%
72 Fortaleza
20%
16 Incheon
20%
81 Changsha
19%
47 Daegu
18%
88 Kunming
17%
93 Minsk
17%
49 Gold Coast City
16%
84 Suzhou
16%
52 Curitiba
13%
94 Kaohsiung City
13%
61 Wuxi
11%
85 Yekaterinburg
8%
92 Sharjah
7%
82 Benidorm
5%
79 Goiânia
5%
70 Guiyang
5%
99 Mississauga
4%
89 Penang Islan
4%
27 Ulsan
4%
74 Balneário Camboriú
2%
40 Makati
2%
96 Suwon
2%
75 Goyang
1%
95 Petaling Jaya
1%
68 Seongnam
0%
No matching quizzes found
Score Distribution
Percent of People with Each Score
Percentile by Number Answered
Your Score History
You have not taken this quiz